000 00322nam a22001337a 4500
999 _c9239
_d9239
003 OSt
008 201119b ||||| |||| 00| 0 eng d
100 _aPrasad, Jai Shankar
245 _aDhruvsawamini
260 _aNew Delhi
_bLok Bharti Prakashan
_c2017
300 _a51
650 _aB.A Hons. English
942 _2ddc
_cBK
_07